[Event "2. BUNDESLIGA MITTE 2017/2018"]
[Site "St. Valentin, Pinggau/Villach/Taufkirchen, Fuerstenfeld, St. Veit"]
[Date "2018.02.09"]
[Round "7"]
[Board "4"]
[White "Mahdy, Khaled"]
[Black "Heimberger, Reinhard"]
[Result "1-0"]
[WhiteElo "2394"]
[BlackElo "2261"]
[PlyCount "83"]
[EventDate "2017.10.27"]
[EventType "team"]
[EventRounds "11"]
[EventCountry "AUT"]
[WhiteTeam "SPG Sparkasse Pinggau-Friedberg"]
[BlackTeam "ASK St. Valentin"]

1. e4 c5 2. Nf3 d6 3. c3 Nf6 4. Be2 Nc6 5. d3 g6 6. O-O Bg7 7. d4 O-O 8. d5 Ne5
9. Nfd2 a6 10. a4 Bd7 11. c4 g5 12. Nc3 Ng6 13. Nf3 h6 14. Ne1 Qc8 15. Nd3 Ng4
16. Bxg4 Bxg4 17. f3 Bd4+ 18. Kh1 Bd7 19. f4 Bg4 20. Qe1 f6 21. a5 Qe8 22. Ne2
Bxe2 23. Qxe2 Kg7 24. Ra3 Rc8 25. Be3 Bxe3 26. Qxe3 Nh8 27. Qh3 e5 28. dxe6 Qc6
29. Qf3 f5 30. exf5 Rxf5 31. Rb3 Rc7 32. g4 Rf6 33. f5 Ng6 34. Rb6 Qxf3+ 35.
Rxf3 h5 36. Re3 Ne7 37. Rxd6 hxg4 38. Rd7 Rxd7 39. exd7 Nc6 40. Re7+ Nxe7 41.
d8=Q Nxf5 42. Ne5  1-0

[Event "2. BUNDESLIGA MITTE 2017/2018"]
[Site "St. Valentin, Pinggau/Villach/Taufkirchen, Fuerstenfeld, St. Veit"]
[Date "2018.02.09"]
[Round "7"]
[Board "5"]
[White "Breneis, Lukas"]
[Black "Danner, Georg"]
[Result "0-1"]
[WhiteElo "2201"]
[BlackElo "2316"]
[PlyCount "79"]
[EventDate "2017.10.27"]
[EventType "team"]
[EventRounds "11"]
[EventCountry "AUT"]
[WhiteTeam "ASK St. Valentin"]
[BlackTeam "SPG Sparkasse Pinggau-Friedberg"]

1. e4 c5 2. Nf3 Nc6 3. c4 e5 4. Nc3 Nge7 5. d3 d6 6. Be2 a6 7. O-O Rb8 8. Bg5
h6 9. Bh4 g5 10. Nxg5 hxg5 11. Bxg5 Be6 12. f4 exf4 13. Bh5 Ne5 14. Bf6 Rg8 15.
Rxf4 Qd7 16. Nd5 Bxd5 17. exd5 N7g6 18. Re4 Be7 19. Bxe7 Kxe7 20. d4 cxd4 21.
Qxd4 b6 22. Bxg6 Kf8 23. Rae1 Rxg6 24. Rxe5 dxe5 25. Qxe5 Qd6 26. Qh8+ Rg8 27.
Qh7 Qg6 28. Qh3 Re8 29. Qa3+ Kg7 30. Qc3+ f6 31. Rf1 Re5 32. Qf3 Rge8 33. d6
Re1 34. Rxe1 Rxe1+ 35. Kf2 Re5 36. g4 Qc2+ 37. Kg3 Qd2 38. Qb7+ Kg6 39. Qxb6
Re3+ 40. Kf4  0-1

[Event "2. BUNDESLIGA MITTE 2017/2018"]
[Site "St. Valentin, Pinggau/Villach/Taufkirchen, Fuerstenfeld, St. Veit"]
[Date "2018.02.09"]
[Round "7"]
[Board "6"]
[White "Schieder, Andreas"]
[Black "Theuretzbacher, Klaus"]
[Result "1-0"]
[WhiteElo "2237"]
[BlackElo "2208"]
[PlyCount "61"]
[EventDate "2017.10.27"]
[EventType "team"]
[EventRounds "11"]
[EventCountry "AUT"]
[WhiteTeam "SPG Sparkasse Pinggau-Friedberg"]
[BlackTeam "ASK St. Valentin"]

1. e4 c5 2. d3 Nc6 3. f4 d6 4. Nf3 g6 5. Be2 Bg7 6. O-O e6 7. Kh1 Nge7 8. Qe1
Nd4 9. Bd1 Nxf3 10. Rxf3 f5 11. c3 d5 12. exd5 Nxd5 13. Ba4+ Kf7 14. Be3 b6 15.
Nd2 Bb7 16. Rh3 Bf6 17. Rd1 Qc7 18. Bb3 Rae8 19. Qf2 Kg7 20. Nc4 Re7 21. Ne5
Rd8 22. d4 Nxe3 23. Qxe3 Be4 24. Qg3 Qb7 25. Rxh7+ Kxh7 26. Qxg6+ Kh8 27. Qxf6+
Kh7 28. Qg6+ Kh8 29. Qh6+ Rh7 30. Ng6+ Kg8 31. Bxe6+  1-0

[Event "2. BUNDESLIGA MITTE 2017/2018"]
[Site "St. Valentin, Pinggau/Villach/Taufkirchen, Fuerstenfeld, St. Veit"]
[Date "2018.02.10"]
[Round "8"]
[Board "1"]
[White "Riemelmoser, Franz"]
[Black "Gonda, Laszlo"]
[Result "1-0"]
[WhiteElo "2346"]
[BlackElo "2510"]
[PlyCount "63"]
[EventDate "2017.10.27"]
[EventType "team"]
[EventRounds "11"]
[EventCountry "AUT"]
[WhiteTeam "ESV ASKOE Admira Villach"]
[BlackTeam "ASK St. Valentin"]

1. c4 e5 2. g3 Nc6 3. Nc3 Bc5 4. Bg2 d6 5. e3 a6 6. Nge2 Ba7 7. d4 h5 8. h3
Nge7 9. b3 h4 10. g4 f5 11. dxe5 fxg4 12. exd6 gxh3 13. Bxh3 Bxh3 14. Rxh3 Qd7
15. Rh1 cxd6 16. Ba3 O-O-O 17. Qc2 Bc5 18. Bxc5 dxc5 19. Rd1 Qg4 20. Rxd8+ Nxd8
21. Qe4 Qxe4 22. Nxe4 Ne6 23. f4 Nf5 24. Kf2 Kb8 25. Kf3 Ka7 26. N2g3 Nxg3 27.
Nxg3 b5 28. Ne4 bxc4 29. bxc4 Rb8 30. Rxh4 Rb2 31. Rg4 Rxa2 32. f5  1-0

[Event "2. BUNDESLIGA MITTE 2017/2018"]
[Site "St. Valentin, Pinggau/Villach/Taufkirchen, Fuerstenfeld, St. Veit"]
[Date "2018.02.10"]
[Round "8"]
[Board "2"]
[White "Sandhoefner, Florian"]
[Black "Reichmann, Egon"]
[Result "1-0"]
[WhiteElo "2313"]
[BlackElo "2265"]
[PlyCount "52"]
[EventDate "2017.10.27"]
[EventType "team"]
[EventRounds "11"]
[EventCountry "AUT"]
[WhiteTeam "ASK St. Valentin"]
[BlackTeam "ESV ASKOE Admira Villach"]

1. d4 d5 2. c4 c6 3. Nf3 e6 4. Nc3 dxc4 5. a4 Bb4 6. e3 b5 7. Bd2 a5 8. axb5
Bxc3 9. Bxc3 cxb5 10. b3 Bb7 11. bxc4 b4 12. Bb2 Nf6 13. Bd3 O-O 14. O-O Nbd7
15. Qc2 Qc7 16. c5 h6 17. Bb5 Bc6 18. Bxc6 Qxc6 19. Qa4 Qc7 20. Nd2 Nb8 21. Nc4
Nc6 22. Rfd1 Ng4 23. g3 f5 24. Nb6 Rfd8 25. d5 exd5 26. Nxd5 Qb7  1-0

[Event "2. BUNDESLIGA MITTE 2017/2018"]
[Site "St. Valentin, Pinggau/Villach/Taufkirchen, Fuerstenfeld, St. Veit"]
[Date "2018.02.10"]
[Round "8"]
[Board "3"]
[White "Perhinig, Robert"]
[Black "Hajnal, Zoltan"]
[Result "0-1"]
[WhiteElo "2264"]
[BlackElo "2390"]
[PlyCount "86"]
[EventDate "2017.10.27"]
[EventType "team"]
[EventRounds "11"]
[EventCountry "AUT"]
[WhiteTeam "ESV ASKOE Admira Villach"]
[BlackTeam "ASK St. Valentin"]

1. d4 d5 2. c4 c6 3. cxd5 cxd5 4. Bf4 Nf6 5. Nc3 Nc6 6. e3 a6 7. Bd3 Bg4 8.
Nge2 e6 9. O-O Be7 10. f3 Bh5 11. Rc1 O-O 12. Na4 Nd7 13. Qb3 Nb4 14. Bc7 Qe8
15. Nf4 b5 16. Nb6 Nxb6 17. Bxb6 Nxd3 18. Qxd3 Bg6 19. Nxg6 hxg6 20. Bc5 Qd7
21. Bxe7 Qxe7 22. Rc5 Rfc8 23. Rfc1 Rxc5 24. dxc5 Qd7 25. c6 Qd6 26. Qd4 Qc7
27. a4 Rb8 28. a5 Qxa5 29. c7 Rc8 30. Qc5 Qd2 31. b4 e5 32. Kh1 d4 33. exd4
exd4 34. h3 Qf4 35. Rd1 d3 36. Qd5 Rxc7 37. Qxd3 Rc1 38. Rf1 Rxf1+ 39. Qxf1
Qxb4 40. Qd3 Kh7 41. h4 Qe1+ 42. Kh2 Qe5+ 43. Kh3 b4  0-1

[Event "2. BUNDESLIGA MITTE 2017/2018"]
[Site "St. Valentin, Pinggau/Villach/Taufkirchen, Fuerstenfeld, St. Veit"]
[Date "2018.02.10"]
[Round "8"]
[Board "4"]
[White "Heimberger, Reinhard"]
[Black "Pantovic, Dragan M"]
[Result "1-0"]
[WhiteElo "2261"]
[BlackElo "2107"]
[PlyCount "97"]
[EventDate "2017.10.27"]
[EventType "team"]
[EventRounds "11"]
[EventCountry "AUT"]
[WhiteTeam "ASK St. Valentin"]
[BlackTeam "ESV ASKOE Admira Villach"]

1. c4 d6 2. g3 e5 3. Bg2 f5 4. e4 c6 5. Nc3 Nf6 6. d3 Be7 7. Nge2 O-O 8. O-O
Kh8 9. h3 Be6 10. exf5 Bxf5 11. d4 Nbd7 12. Be3 Qc7 13. g4 Bg6 14. Ng3 Nb6 15.
b3 Rad8 16. g5 Nfd7 17. Nce2 d5 18. c5 Nc8 19. b4 b6 20. Rc1 bxc5 21. bxc5 Rde8
22. f4 exf4 23. Bxf4 Qa5 24. Qb3 Qa6 25. Rc3 Bd8 26. Re3 Rxe3 27. Bxe3 Qd3 28.
Nf4 Qxb3 29. axb3 Bc2 30. b4 Re8 31. Bc1 Bc7 32. h4 Nf8 33. Bh3 Kg8 34. h5 a5
35. bxa5 Bxa5 36. Kf2 Na7 37. Nf5 Bc3 38. Be3 g6 39. Nd6 Rb8 40. Ne2 Bb2 41. h6
Bd3 42. Ke1 Nb5 43. Rf7 Nxd6 44. Rg7+ Kh8 45. cxd6 Rd8 46. Bf4 Ba3 47. d7 Bf5
48. Bxf5 gxf5 49. Be5  1-0

[Event "2. BUNDESLIGA MITTE 2017/2018"]
[Site "St. Valentin, Pinggau/Villach/Taufkirchen, Fuerstenfeld, St. Veit"]
[Date "2018.02.10"]
[Round "8"]
[Board "5"]
[White "Frank, Paul"]
[Black "Breneis, Lukas"]
[Result "1-0"]
[WhiteElo "2217"]
[BlackElo "2201"]
[PlyCount "105"]
[EventDate "2017.10.27"]
[EventType "team"]
[EventRounds "11"]
[EventCountry "AUT"]
[WhiteTeam "ESV ASKOE Admira Villach"]
[BlackTeam "ASK St. Valentin"]

1. Nf3 c5 2. g3 Nc6 3. d4 cxd4 4. Nxd4 g6 5. Bg2 Bg7 6. Nb3 Nf6 7. e4 O-O 8.
O-O d6 9. Nc3 Bg4 10. f3 Be6 11. Nd5 Rc8 12. c3 Ne5 13. Nd4 Nxd5 14. Nxe6 Nxc3
15. Nxd8 Nxd1 16. Nxb7 Rb8 17. Rxd1 Rxb7 18. f4 Nc4 19. e5 Rbb8 20. b3 Nb6 21.
Ba3 Rfe8 22. Bc6 Red8 23. Rac1 dxe5 24. Bxe7 Rxd1+ 25. Rxd1 Rc8 26. fxe5 Bxe5
27. Rd8+ Rxd8 28. Bxd8 Nc8 29. Kf2 f5 30. Ke3 h6 31. a4 Kf7 32. Bd5+ Ke8 33.
Ba5 Nb6 34. Bc6+ Ke7 35. Bb4+ Ke6 36. Bf8 h5 37. Be8 Kf6 38. Bc5 h4 39. gxh4
Bxh2 40. Bd4+ Ke6 41. Bxg6 Nd5+ 42. Kf3 a6 43. Be8 Bd6 44. Bc6 Nb4 45. Bb7 a5
46. Bb6 Nd3 47. Ba6 Ne5+ 48. Ke2 Ng6 49. Bc8+ Ke5 50. Bxa5 Nxh4 51. Bc3+ Kd5
52. Be1 Ng2 53. Bb7+  1-0

[Event "2. BUNDESLIGA MITTE 2017/2018"]
[Site "St. Valentin, Pinggau/Villach/Taufkirchen, Fuerstenfeld, St. Veit"]
[Date "2018.02.10"]
[Round "8"]
[Board "6"]
[White "Theuretzbacher, Klaus"]
[Black "Holzmann, Joerg"]
[Result "0-1"]
[WhiteElo "2208"]
[BlackElo "2189"]
[PlyCount "98"]
[EventDate "2017.10.27"]
[EventType "team"]
[EventRounds "11"]
[EventCountry "AUT"]
[WhiteTeam "ASK St. Valentin"]
[BlackTeam "ESV ASKOE Admira Villach"]

1. e4 c5 2. b3 d6 3. Bb2 Nf6 4. Bb5+ Bd7 5. Bxd7+ Qxd7 6. d3 Nc6 7. Nd2 g6 8.
Ne2 Bg7 9. O-O O-O 10. a4 b6 11. Nc4 d5 12. exd5 Nxd5 13. Bxg7 Kxg7 14. Qd2 e5
15. Rae1 Rae8 16. Kh1 Re7 17. Nc3 f6 18. Ne4 h6 19. a5 Nd4 20. Nc3 b5 21. Nxd5
Qxd5 22. Ne3 Qd7 23. f3 h5 24. Rf2 Rfe8 25. Nd1 Qc7 26. Ne3 Qc6 27. Qc1 Ne6 28.
Qb2 Nf4 29. Rff1 Qd6 30. g3 Ne6 31. Kg2 Qc6 32. h4 Nd4 33. Qb1 f5 34. Qd1 f4
35. c3 fxe3 36. cxd4 exd4 37. Qe2 Qd5 38. Rc1 a6 39. Kh2 Rf7 40. f4 Rc8 41. Qb2
Kh7 42. Qe2 Rf5 43. g4 hxg4 44. Qxg4 Rcf8 45. b4 c4 46. dxc4 bxc4 47. Rg1 R8f6
48. Qe2 Rxf4 49. Rg2 Rf2  0-1

[Event "2. BUNDESLIGA MITTE 2017/2018"]
[Site "St. Valentin, Pinggau/Villach/Taufkirchen, Fuerstenfeld, St. Veit"]
[Date "2018.02.10"]
[Round "8"]
[Board "1"]
[White "Menezes, Christoph"]
[Black "Tratar, Marko"]
[Result "1/2-1/2"]
[WhiteElo "2404"]
[BlackElo "2456"]
[PlyCount "49"]
[EventDate "2017.10.27"]
[EventType "team"]
[EventRounds "11"]
[EventCountry "AUT"]
[WhiteTeam "UNION Ansfelden"]
[BlackTeam "SC MPOE Maria Saal 2"]

1. Nf3 Nf6 2. c4 e6 3. g3 b6 4. Bg2 Bb7 5. O-O Be7 6. b3 O-O 7. Bb2 c5 8. Re1
a6 9. Nc3 Nc6 10. d4 Nxd4 11. Nxd4 Bxg2 12. Kxg2 cxd4 13. Qxd4 Qc7 14. e4 Qb7
15. f3 Rfd8 16. Rad1 Ne8 17. a4 Bc5 18. Qd3 Bb4 19. Re2 Rac8 20. Na2 Be7 21.
Red2 Bg5 22. Re2 Be7 23. Red2 Bg5 24. Re2 Be7 25. Red2  1/2-1/2

[Event "2. BUNDESLIGA MITTE 2017/2018"]
[Site "St. Valentin, Pinggau/Villach/Taufkirchen, Fuerstenfeld, St. Veit"]
[Date "2018.02.10"]
[Round "8"]
[Board "2"]
[White "Handler, Lukas"]
[Black "Felsberger, Alfred"]
[Result "1/2-1/2"]
[WhiteElo "2392"]
[BlackElo "2336"]
[PlyCount "199"]
[EventDate "2017.10.27"]
[EventType "team"]
[EventRounds "11"]
[EventCountry "AUT"]
[WhiteTeam "SC MPOE Maria Saal 2"]
[BlackTeam "UNION Ansfelden"]

1. c4 Nf6 2. g3 e5 3. Bg2 Nc6 4. Nc3 Bc5 5. Nf3 d6 6. O-O O-O 7. d3 h6 8. a3 a5
9. b3 Be6 10. Bb2 Qd7 11. Rc1 Bh3 12. Nd5 Nxd5 13. cxd5 Bxg2 14. Kxg2 Nd4 15.
Nxe5 dxe5 16. Rxc5 b6 17. Rc4 Qxd5+ 18. e4 Qd6 19. f4 f6 20. Bxd4 exd4 21. Qh5
c5 22. Rfc1 Qd7 23. R1c2 Kh8 24. b4 axb4 25. axb4 cxb4 26. Rxb4 Ra3 27. Qe2 b5
28. Rc5 Rb8 29. Rd5 Qc6 30. Kh3 Ra4 31. Rdxd4 Rxb4 32. Rxb4 Qc3 33. Rb2 b4 34.
Qc2 Rd8 35. Qb1 Rd4 36. Rb3 Qc5 37. f5 Kh7 38. Qa2 Rd8 39. Qa4 Rb8 40. Qa1 Qd6
41. Qa7 Qf8 42. Qd4 Qe8 43. Kh4 Qe7 44. Qc4 Kh8 45. Kg4 Kh7 46. Kf3 Kh8 47. d4
Kh7 48. d5 Qd6 49. Kg4 Kh8 50. Kh4 Kh7 51. Kh3 Kh8 52. Rb1 Qb6 53. Rb3 Qd6 54.
Rd3 Kh7 55. Qb3 Kh8 56. Rd4 Kh7 57. Rc4 Qe7 58. Kg4 Kh8 59. Kf3 Kh7 60. Rd4 Qd6
61. Rd3 Kh8 62. Qc4 Kh7 63. Rb3 Kh8 64. Ke2 Kh7 65. Ke3 Kh8 66. Rb2 Kh7 67. Rb1
Kh8 68. Rb3 Kh7 69. Rd3 Qb6+ 70. Qd4 Qd6 71. Rb3 Kh8 72. Qd2 Kh7 73. Kf3 Kh8
74. Qc2 Kh7 75. Rd3 Kh8 76. Ke2 Kh7 77. Qc6 Qxc6 78. dxc6 b3 79. c7 Rc8 80.
Rxb3 Rxc7 81. Kf3 Ra7 82. h4 h5 83. Re3 Ra4 84. Kf4 Rd4 85. g4 hxg4 86. Kxg4
Rb4 87. Kh5 Rb5 88. Kg4 Rb4 89. Kf4 Ra4 90. Rg3 Ra1 91. Re3 Ra4 92. h5 Ra1 93.
Rh3 Kh6 94. Rg3 Rh1 95. Rg6+ Kh7 96. Kg4 Rg1+ 97. Kf3 Rh1 98. Kg4 Rg1+ 99. Kf4
Rh1 100. Kg4  1/2-1/2

[Event "2. BUNDESLIGA MITTE 2017/2018"]
[Site "St. Valentin, Pinggau/Villach/Taufkirchen, Fuerstenfeld, St. Veit"]
[Date "2018.02.10"]
[Round "8"]
[Board "3"]
[White "Weiss, Christian"]
[Black "Tomazini, Zan"]
[Result "1-0"]
[WhiteElo "2378"]
[BlackElo "2424"]
[PlyCount "50"]
[EventDate "2017.10.27"]
[EventType "team"]
[EventRounds "11"]
[EventCountry "AUT"]
[WhiteTeam "UNION Ansfelden"]
[BlackTeam "SC MPOE Maria Saal 2"]

1. d4 Nf6 2. g3 g6 3. Bg2 d5 4. Nf3 Bg7 5. O-O O-O 6. c4 dxc4 7. Na3 c3 8. bxc3
c5 9. e3 Nc6 10. Nc4 Nd5 11. Bd2 Bf5 12. Re1 Be4 13. a4 Qc7 14. Qb3 Rac8 15.
Rec1 h6 16. Qa3 Qd8 17. Be1 Bd3 18. Nb2 Ba6 19. dxc5 Qc7 20. Nd4 Qe5 21. f4
Qxe3+ 22. Bf2 Qd2 23. Nb3 Qe2 24. Bxd5 Rfd8 25. Re1 Qh5 {(Partieformulare
weiter nicht lesbar);}  1-0

[Event "2. BUNDESLIGA MITTE 2017/2018"]
[Site "St. Valentin, Pinggau/Villach/Taufkirchen, Fuerstenfeld, St. Veit"]
[Date "2018.02.10"]
[Round "8"]
[Board "4"]
[White "Hartl, Daniel"]
[Black "Knoll, Hermann"]
[Result "0-1"]
[WhiteElo "2270"]
[BlackElo "2333"]
[PlyCount "106"]
[EventDate "2017.10.27"]
[EventType "team"]
[EventRounds "11"]
[EventCountry "AUT"]
[WhiteTeam "SC MPOE Maria Saal 2"]
[BlackTeam "UNION Ansfelden"]

1. d4 f5 2. c4 Nf6 3. Nf3 g6 4. g3 Bg7 5. Bg2 O-O 6. O-O d6 7. Nc3 Qe8 8. e4
Nxe4 9. Nxe4 fxe4 10. Ng5 Nc6 11. Be3 e5 12. d5 Nd4 13. Nxe4 Bf5 14. h3 Qd7 15.
Kh2 Bxe4 16. Bxe4 Rf7 17. Kg2 Raf8 18. Rc1 Kh8 19. b4 Nf5 20. Qd3 Qa4 21. a3 b6
22. Rc2 a5 23. b5 Nxe3+ 24. Qxe3 Rf3 25. Qxf3 Rxf3 26. Kxf3 Qxa3+ 27. Kg2 Bf6
28. Rd1 Kg7 29. Rd3 Qa1 30. Rdc3 Bg5 31. h4 Bd2 32. Rd3 Bb4 33. Rb3 Bc5 34.
Rbb2 a4 35. Bd3 a3 36. Ra2 Qd4 37. Bf1 Qe4+ 38. Kh2 Qf3 39. Rd2 Qb3 40. Ra1 e4
41. Rda2 Kf6 42. Kh3 h5 43. Kh2 Ke5 44. Kh3 Kf6 45. Kh2 g5 46. hxg5+ Kxg5 47.
Be2 h4 48. Bf1 Qf3 49. gxh4+ Kxh4 50. Kg1 e3 51. Bg2 exf2+ 52. Kh1 Qe3 53. Bf1
Kg3  0-1

[Event "2. BUNDESLIGA MITTE 2017/2018"]
[Site "St. Valentin, Pinggau/Villach/Taufkirchen, Fuerstenfeld, St. Veit"]
[Date "2018.02.10"]
[Round "8"]
[Board "5"]
[White "Ennsberger, Ulrich"]
[Black "Tomazini, Aljosa"]
[Result "1-0"]
[WhiteElo "2267"]
[BlackElo "2350"]
[PlyCount "127"]
[EventDate "2017.10.27"]
[EventType "team"]
[EventRounds "11"]
[EventCountry "AUT"]
[WhiteTeam "UNION Ansfelden"]
[BlackTeam "SC MPOE Maria Saal 2"]

1. c4 Nf6 2. Nc3 c5 3. g3 d5 4. cxd5 Nxd5 5. Bg2 Nc7 6. Nf3 Nc6 7. O-O e5 8. d3
Be7 9. Nd2 Bd7 10. Nc4 f6 11. f4 b5 12. Ne3 exf4 13. gxf4 Rb8 14. a4 b4 15.
Ncd5 Nxd5 16. Bxd5 Nd4 17. Bd2 Be6 18. Bxe6 Nxe6 19. Nf5 g6 20. Qb3 Rb6 21. a5
Rc6 22. Nxe7 Kxe7 23. Be3 Nd4 24. Bxd4 Qxd4+ 25. Kh1 Rd8 26. Rf3 Qd5 27. Qxd5
Rxd5 28. b3 Ra6 29. Re3+ Kf7 30. Kg2 Rd7 31. Kf3 Rb7 32. Ke4 Re7+ 33. Kf3 Rxe3+
34. Kxe3 Ke6 35. Ke4 f5+ 36. Ke3 Kd5 37. Kd2 Kc6 38. e4 Kb5 39. e5 g5 40. fxg5
Re6 41. Re1 Kxa5 42. d4 cxd4 43. Kd3 Kb6 44. Kxd4 Kc7 45. Rf1 Kd7 46. Rxf5 Ke8
47. Rf6 Re7 48. h4 Rc7 49. Rh6 Kf8 50. h5 a5 51. Ra6 Rc3 52. Kd5 Rxb3 53. Ke6
Rc3 54. Ra8+ Kg7 55. Ra7+ Kg8 56. Rxa5 h6 57. Ra8+ Kg7 58. Ra7+ Kg8 59. g6 b3
60. Rb7 Rh3 61. Kf6 Rf3+ 62. Ke7 Rf5 63. e6 Rxh5 64. Kf6  1-0

[Event "2. BUNDESLIGA MITTE 2017/2018"]
[Site "St. Valentin, Pinggau/Villach/Taufkirchen, Fuerstenfeld, St. Veit"]
[Date "2018.02.10"]
[Round "8"]
[Board "6"]
[White "Rieger, Robert"]
[Black "Mostbauer, Florian"]
[Result "1/2-1/2"]
[WhiteElo "2296"]
[BlackElo "2307"]
[PlyCount "41"]
[EventDate "2017.10.27"]
[EventType "team"]
[EventRounds "11"]
[EventCountry "AUT"]
[WhiteTeam "SC MPOE Maria Saal 2"]
[BlackTeam "UNION Ansfelden"]

1. e4 c6 2. c4 d5 3. exd5 cxd5 4. d4 Nf6 5. Nc3 Nc6 6. Nf3 Bg4 7. Qb3 Bxf3 8.
gxf3 e6 9. cxd5 Nxd5 10. Qxb7 Nxd4 11. Bb5+ Nxb5 12. Qc6+ Ke7 13. Qxb5 Qd7 14.
Qxd7+ Kxd7 15. Nxd5 exd5 16. O-O Ke6 17. Re1+ Kf5 18. Rd1 Ke6 19. Re1+ Kf5 20.
Rd1 Ke6 21. Re1+  1/2-1/2

[Event "2. BUNDESLIGA MITTE 2017/2018"]
[Site "St. Valentin, Pinggau/Villach/Taufkirchen, Fuerstenfeld, St. Veit"]
[Date "2018.02.10"]
[Round "8"]
[Board "1"]
[White "Schmidt, Peter"]
[Black "Berczes, David"]
[Result "0-1"]
[WhiteElo "2392"]
[BlackElo "2499"]
[PlyCount "115"]
[EventDate "2017.10.27"]
[EventType "team"]
[EventRounds "11"]
[EventCountry "AUT"]
[WhiteTeam "SPG Sauwald"]
[BlackTeam "Leoben"]

1. Nf3 d5 2. g3 Nc6 3. d4 Bf5 4. Bg2 Nb4 5. Na3 e6 6. O-O h6 7. Ne5 Nf6 8. c4
c6 9. Qb3 a5 10. c5 b6 11. cxb6 a4 12. Qc3 Qxb6 13. Be3 Be7 14. Rfc1 O-O 15.
Nb1 Rfc8 16. Qd2 c5 17. dxc5 Bxc5 18. Rxc5 Rxc5 19. Nc3 Qc7 20. Bxc5 Qxc5 21.
e3 Qc7 22. Nf3 Nc6 23. Nd4 Nxd4 24. Qxd4 Qa5 25. h3 Bg6 26. Rd1 Rb8 27. Qe5 Qb4
28. Rd2 Nd7 29. Qd4 Nc5 30. a3 Qxd4 31. Rxd4 Rxb2 32. Nxa4 Rb1+ 33. Kh2 Nd3 34.
f3 Re1 35. e4 dxe4 36. fxe4 Re2 37. Nb6 Ne5 38. Nc4 Nxc4 39. Rxc4 Ra2 40. g4 h5
41. gxh5 Bxh5 42. Rc3 Kf8 43. Kg3 Ke7 44. Rc5 g5 45. Rc3 Re2 46. Rc5 Kf8 47.
Bf1 Re3+ 48. Kf2 Rxa3 49. Bg2 Kg7 50. Rb5 Bg6 51. Bf3 Bf5 52. Bg4 Kg6 53. Rc5
Bxe4 54. Rb5 Ra2+ 55. Ke3 Bg2 56. Rb3 Ra5 57. Kf2 Be4 58. Ke3  0-1

[Event "2. BUNDESLIGA MITTE 2017/2018"]
[Site "St. Valentin, Pinggau/Villach/Taufkirchen, Fuerstenfeld, St. Veit"]
[Date "2018.02.10"]
[Round "8"]
[Board "2"]
[White "Baumegger, Siegfried"]
[Black "Renner, Christoph"]
[Result "0-1"]
[WhiteElo "2443"]
[BlackElo "2349"]
[PlyCount "136"]
[EventDate "2017.10.27"]
[EventType "team"]
[EventRounds "11"]
[EventCountry "AUT"]
[WhiteTeam "Leoben"]
[BlackTeam "SPG Sauwald"]

1. d4 f5 2. g3 Nf6 3. Bg2 g6 4. Nf3 Bg7 5. O-O O-O 6. b3 c6 7. Bb2 a5 8. a3 d5
9. Nbd2 Ne4 10. Ne5 Nd7 11. Ndf3 a4 12. Nxd7 Bxd7 13. Ne5 Be6 14. e3 Qb6 15.
Nd3 Bf7 16. f3 Nd6 17. Kh1 Rfd8 18. Bc3 Nb5 19. Bb4 Qc7 20. g4 f4 21. bxa4 Nd6
22. Bxd6 Qxd6 23. Nxf4 e5 24. dxe5 Qxe5 25. Rb1 Qxe3 26. Nd3 Rd7 27. Re1 Qd4
28. Rb4 Qc3 29. f4 Qxa3 30. Rb3 Qd6 31. Ne5 Re7 32. Rbe3 Bxe5 33. fxe5 Qd7 34.
c3 Be6 35. Qd4 Rf7 36. Rf3 Rxf3 37. Bxf3 Rf8 38. Kg2 g5 39. h3 Rf4 40. Qe3 Qf7
41. Rf1 Qe7 42. Kg3 Rxa4 43. Qd2 Bf7 44. Re1 Rf4 45. h4 h6 46. hxg5 hxg5 47.
Qh2 Qe6 48. Qa2 Kg7 49. Qa8 Qe7 50. Kg2 Bg6 51. e6 Be4 52. Bxe4 Rxg4+ 53. Kh3
Rh4+ 54. Kg2 Rg4+ 55. Kh3 Rxe4 56. Rxe4 dxe4 57. Kg4 Kf6 58. Qh8+ Kxe6 59. Qd4
Kf7 60. Qe3 Qe5 61. Qb6 Qe7 62. Qe3 Ke8 63. Kf5 Kd8 64. c4 c5 65. Qg3 Kc8 66.
Qe3 b6 67. Qa3 Kb7 68. Qe3 Qf7+  0-1

[Event "2. BUNDESLIGA MITTE 2017/2018"]
[Site "St. Valentin, Pinggau/Villach/Taufkirchen, Fuerstenfeld, St. Veit"]
[Date "2018.02.10"]
[Round "8"]
[Board "3"]
[White "Testor, Sebastian"]
[Black "Horvath, Peter"]
[Result "1-0"]
[WhiteElo "2293"]
[BlackElo "2421"]
[PlyCount "89"]
[EventDate "2017.10.27"]
[EventType "team"]
[EventRounds "11"]
[EventCountry "AUT"]
[WhiteTeam "SPG Sauwald"]
[BlackTeam "Leoben"]

1. d4 d5 2. c4 e6 3. Nc3 Bb4 4. Nf3 Nf6 5. Qa4+ Nc6 6. e3 O-O 7. Qc2 dxc4 8.
Bxc4 a6 9. a3 Bd6 10. O-O e5 11. h3 Qe7 12. d5 Nb8 13. e4 h6 14. Be3 Nh5 15.
Rfc1 Qf6 16. Qd1 Nf4 17. Bf1 Nd7 18. g3 Ng6 19. b4 Qe7 20. Nd2 a5 21. Nc4 axb4
22. Nxd6 cxd6 23. axb4 Rxa1 24. Rxa1 Nf6 25. Qd3 Nh7 26. Bg2 h5 27. Nb5 h4 28.
Kh2 f5 29. exf5 Bxf5 30. Be4 hxg3+ 31. fxg3 Bxe4 32. Qxe4 Qf6 33. Ra2 Ng5 34.
Bxg5 Qxg5 35. Nxd6 Rf6 36. Nc4 Qc1 37. Nxe5 Nxe5 38. Qxe5 Qb1 39. Rb2 Qf1 40.
Qe8+ Kh7 41. Qe2 Qa1 42. Rd2 Rf1 43. Qe4+ Kh6 44. d6 Qc1 45. Re2  1-0

[Event "2. BUNDESLIGA MITTE 2017/2018"]
[Site "St. Valentin, Pinggau/Villach/Taufkirchen, Fuerstenfeld, St. Veit"]
[Date "2018.02.10"]
[Round "8"]
[Board "4"]
[White "Dietmayer-Kraeutler, Marco"]
[Black "Taggatz, Mario"]
[Result "1/2-1/2"]
[WhiteElo "2317"]
[BlackElo "2183"]
[PlyCount "62"]
[EventDate "2017.10.27"]
[EventType "team"]
[EventRounds "11"]
[EventCountry "AUT"]
[WhiteTeam "Leoben"]
[BlackTeam "SPG Sauwald"]

1. d4 d5 2. c4 dxc4 3. Nf3 a6 4. a4 Nf6 5. e3 Bg4 6. Bxc4 e6 7. a5 Nc6 8. h3
Bh5 9. O-O Bd6 10. Bd2 O-O 11. Bc3 Qe7 12. Nbd2 e5 13. dxe5 Nxe5 14. Be2 Rad8
15. Qb3 c6 16. Rfe1 Nxf3+ 17. Bxf3 Bxf3 18. Nxf3 Ne4 19. Red1 Nxc3 20. bxc3 Rd7
21. Rab1 Rfd8 22. Rd2 Bc7 23. Rxd7 Rxd7 24. Qb4 Qd8 25. Qxb7 Bh2+ 26. Kxh2 Rxb7
27. Rxb7 h6 28. Rb6 Qd6+ 29. Kg1 Qd1+ 30. Kh2 Qd6+ 31. Kg1 Qd1+  1/2-1/2

[Event "2. BUNDESLIGA MITTE 2017/2018"]
[Site "St. Valentin, Pinggau/Villach/Taufkirchen, Fuerstenfeld, St. Veit"]
[Date "2018.02.10"]
[Round "8"]
[Board "5"]
[White "Hellmayr, Alois"]
[Black "Sandner, Wolfgang"]
[Result "1/2-1/2"]
[WhiteElo "2256"]
[BlackElo "2259"]
[PlyCount "43"]
[EventDate "2017.10.27"]
[EventType "team"]
[EventRounds "11"]
[EventCountry "AUT"]
[WhiteTeam "SPG Sauwald"]
[BlackTeam "Leoben"]

1. Nf3 Nf6 2. d4 d6 3. Nbd2 Nbd7 4. e4 e5 5. c3 c6 6. dxe5 Nxe5 7. Be2 Nxf3+ 8.
Bxf3 d5 9. O-O dxe4 10. Nxe4 Nxe4 11. Qxd8+ Kxd8 12. Bxe4 Bd6 13. Be3 Kc7 14.
Bd4 Re8 15. Rfe1 g6 16. h3 Be6 17. Bf6 Be7 18. Be5+ Bd6 19. Bf6 Be7 20. Be5+
Bd6 21. Bf6 Be7 22. Be5+  1/2-1/2